000
00350 a2200157 4500
001
74960
020
_a
978850222489
040
_c
Anchieta - Colégio São Paulo
100
_a
Vilas Bôas, Newton
240
1
0
_a
Tópicos da Física 3
_l
por
245
1
0
_a
Tópicos da Física 3
300
_a
400
362
0
_a
2014
650
4
_a
Física
942
_c
BK
999
_c
74960
_d
74960